| 000 | 00450nam a22001697a 4500 | ||
|---|---|---|---|
| 003 | OSt | ||
| 005 | 20260413091816.0 | ||
| 007 | 814 pages | ||
| 008 | 260413b |||||||| |||| 00| 0 eng d | ||
| 020 | _a9788187972884 | ||
| 040 | _c | ||
| 082 |
_26 _a004.16 _bGAO |
||
| 245 |
_aMicroprocessor Architecture, programming and applications with the 8085 _cGaonkar,Ramesh S |
||
| 250 | _a6 | ||
| 260 |
_bPenram _c2013 |
||
| 942 |
_2ddc _cBK _e6 _k004.16 _mGAO _n0 |
||
| 999 |
_c36336 _d36336 |
||